000 01164naa a22003377a 4500
001 BR7703709
003 BR-BrBNA
005 20240918174018.0
007 ta
008 230509b bl.||||| |||| 00| 0 por d
040 _aBR-BrBNA
_bpor
_cBiblioteca Nacional de Agricultura
041 _a(Pt)
072 _aF00; F27
_b0430
_bG514
090 _aF00 BR7703709
100 1 _aBuendia, J.P.L.
100 1 _aPurcino, A.A.C.
100 1 _aMarinato, R.
245 1 _aEspacamento e densidade de plantio na cultura algodoeira (Gossypium hirsutum L.), irrigada, no projeto Gorutuba, Minas Gerais [Brasil]
260 3 _aBelo Horizonte, MG (Brasil):
_c1977.
500 _aProjeto algodao. Relatorio anual 1974/75 Belo Horizonte, MG (Brasil): 1977. p. 298-305 (BR7703709-AM)F00
650 _aCULTIVO DO SOLO
650 _aALGODAO
650 _aDENSIDADE DE PLANTIO
650 _aPLANTIO
650 _aESPACAMENTO
650 _aCULTURA IRRIGADA
650 _aMINAS GERAIS
773 0 _tProjeto algodao. Relatorio anual 1974/75
_wF00 BR7703709
_gBelo Horizonte, MG (Brasil), 1977. p. 298-305
909 _a202404
_bLucia
_c55
_dLucia Elande
942 _cAM
_2AGRIS
999 _c308325
_d308325